Go West Ltd v Spigarolo and another (Record no. 72188)
[ view plain ]
| 000 -LEADER | |
|---|---|
| fixed length control field | 01527cam a2200253 4500 |
| 001 - CONTROL NUMBER | |
| control field | ABS66452 |
| 008 - FIXED-LENGTH DATA ELEMENTS--GENERAL INFORMATION | |
| fixed length control field | 030303n2003 000 0 eng u |
| 035 ## - SYSTEM CONTROL NUMBER | |
| System control number | (Sirsi) u121471 |
| 245 ## - TITLE STATEMENT | |
| Title | Go West Ltd v Spigarolo and another |
| 260 ## - PUBLICATION, DISTRIBUTION, ETC. | |
| Date of publication, distribution, etc. | 2003 |
| 490 ## - SERIES STATEMENT | |
| Series statement | Estates Gazette Case Summaries |
| Volume/sequential designation | [2003] 7 EG 136 (CS) (1) |
| 490 ## - SERIES STATEMENT | |
| Series statement | Weekly Law Reports |
| Volume/sequential designation | [2003] 2 986-1006(20) |
| 520 ## - SUMMARY, ETC. | |
| Summary, etc. | [2003] EWCA Civ 17, 31 January 2003. The appellant (G) was the tenant and the respondents (S) were the landlords of premises in London. The lease contained a clause not to assign without the landlords' written consent which should not be unreasonably withheld or delayed. G wished to assign and sought S's consent in March 2001. S refused. In July 2001 G brought proceedings for a declaration that consent was unreasonably withheld. Judgment was in favour of the landlords. The judge found that both parties had treated the tenant's request for consent as continuing and took the view that no breach of duty had taken place as of July 2001. Both parties appealed. CA held that S was in statutory breach in refusing to give consent to assign. G's appeal allowed. S's cross-appeal allowed. |
| 590 ## - LOCAL NOTE (RLIN) | |
| Local note | ABS |
| 650 ## - SUBJECT ADDED ENTRY--TOPICAL TERM | |
| Topical term or geographic name entry element | CONSENT TO ASSIGN |
| 650 ## - SUBJECT ADDED ENTRY--TOPICAL TERM | |
| Topical term or geographic name entry element | COMMERCIAL LEASES |
| 650 ## - SUBJECT ADDED ENTRY--TOPICAL TERM | |
| Topical term or geographic name entry element | LANDLORD AND TENANT ACT 1988 S1(3) |
| 650 ## - SUBJECT ADDED ENTRY--TOPICAL TERM | |
| Topical term or geographic name entry element | ESTOPPEL |
| 650 ## - SUBJECT ADDED ENTRY--TOPICAL TERM | |
| Topical term or geographic name entry element | WITHHOLDING CONSENT |
| 650 ## - SUBJECT ADDED ENTRY--TOPICAL TERM | |
| Topical term or geographic name entry element | GO WEST LTD V SPIGAROLO AND ANOTHER |
| 650 ## - SUBJECT ADDED ENTRY--TOPICAL TERM | |
| Topical term or geographic name entry element | REASONABLE TIME |
| 690 ## - LOCAL SUBJECT ADDED ENTRY--TOPICAL TERM (OCLC, RLIN) | |
| Topical term or geographic name as entry element | LANDLORD AND TENANT-LEASES-CASE LAW |
| 942 ## - ADDED ENTRY ELEMENTS (KOHA) | |
| Suppress in OPAC | 0 |
| Withdrawn status | Lost status | Source of classification or shelving scheme | Damaged status | Not for loan | Home library | Current library | Shelving location | Date acquired | Total Checkouts | Full call number | Barcode | Date last seen | Copy number | Price effective from | Koha item type |
|---|---|---|---|---|---|---|---|---|---|---|---|---|---|---|---|
| Dewey Decimal Classification | London | London | Journal article | 03/03/2003 | ABS66452 | 121471-1001 | 06/08/2019 | 1 | 06/08/2019 | Journal article |